Respiratory physiology of vertebrates : (رقم التسجيلة. 26449)

تفاصيل مارك
000 -الفاتح
حقل البيانات ثابتة الطول 01769cam a2200337Ia 4500
001 - رقم الضبط
رقم الضبط 456838770
003 - محدد رقم الضبط
رقم الضبط OCoLC
005 - وقت وتاريخ اخر تعامل مع التسجيلة
رقم الضبط 20150408114104.0
008 - عناصر البيانات ثابتة الطول - معلومات عامة
حقل البيانات ثابتة الطول 090911s2010 enka 000 0 eng
010 ## - رقم ضبط مكتبة الكونجرس
رقم ضبط مكتبة الكونجرس 2010293660
015 ## - رقم الببليوجرافية الوطنية
رقم الببليوجرافية الوطنية GBA999494
المصدر bnb
020 ## - الرقم الدولى المعيارى للكتب
الرقم الدولى المعيارى للكتاب 9780521878548 (cased)
020 ## - الرقم الدولى المعيارى للكتب
الرقم الدولى المعيارى للكتاب 0521878543 (cased)
020 ## - الرقم الدولى المعيارى للكتب
الرقم الدولى المعيارى للكتاب 9780521703024 (pbk.)
020 ## - الرقم الدولى المعيارى للكتب
الرقم الدولى المعيارى للكتاب 0521703026 (pbk.)
035 ## - رقم ضبط النظام
رقم ضبط النظام (OCoLC)456838770
040 ## - مصدر الفهرسة
وكالة الفهرسة الأصلية UKM
وكالة النسخ UKM
وكالة التعديل DLC
-- BWKUK
-- BWK
-- YDXCP
-- BWX
-- YAM
-- AGL
042 ## - رمز التحقق
رمز التحقق ukblcatcopy
050 00 - رقم طلب مكتبة الكونجرس
رقم التصنيف QP121
رقم المادة .R463 2010
070 0# - رقم الطلب بالمكتبة الوطنية الزراعية
رقم التصنيف QP121
رقم المادة .R47 2010
082 04 - رقم تصنيف ديوى العشرى
رقم التصنيف 596.14
رقم الطبعة 22
رقم المادة REP
245 00 - بيان العنوان
العنوان Respiratory physiology of vertebrates :
بقية العنوان life with and without oxygen /
بيان المسئوليه,etc edited by Göran Nilsson.
260 ## - PUBLICATION, DISTRIBUTION, ETC. (IMPRINT)
مكان الناشر او الموزع Cambridge :
اسم الناشر او الموزع Cambridge University Press,
تاريخ النشر أو التوزيع 2010.
300 ## - الوصف المادى
التعداد xvi, 334 p. :
تفاصيل ماديه اخرى للوعاء ill. ;
أبعاد الوعاء 26 cm.
504 ## - تبصرة ببليوجرافية
تبصرة ببليوجرافية,الخ Includes bibliographical references and index.
505 0# - تبصرة محتويات-الفهرس
تبصرة المحتويات المصاغة Introduction : why we need oxygen / Göran E. Nilsson -- Sensing oxygen / Mikko Nikinmaa -- Oxygen uptake and transport in water breathers / Steve F. Perry and Kathleen M. Gilmour -- Oxygen uptake and transport in air breathers / Nini Skovgaard, James W. Hicks, and Tobias Wang -- Adaptations to hypoxia in fishes / Göran E. Nilsson and David J. Randall -- Breathing air in water and in air : the air-breathing fishes / Jeffrey B. Graham and Nicholas C. Wegner -- Air breathers under water : diving mammals and birds / Lars P. Folkow and Arnoldus Schytte Blix -- Vertebrate life at high altitude / Frank L. Powell and Susan R. Hopkins -- Surviving without any oxygen / Göran E. Nilsson.
650 #0 - المدخل الاضافى بالموضوع-مصطلح موضوعى
مصطلح موضوعي أو اسم جغرافي كعنصر مدخل Vertebrates
التقسيم الفرعي العام Respiration.
9 (RLIN) 18367
650 #0 - المدخل الاضافى بالموضوع-مصطلح موضوعى
مصطلح موضوعي أو اسم جغرافي كعنصر مدخل Vertebrates
التقسيم الفرعي العام Respiratory organs.
9 (RLIN) 18368
700 1# - المدخل الاضافى - اسم شخصى
الإسم الشخصى Nilsson, Göran E.
9 (RLIN) 18369
942 ## - عناصر المدخل الإضافي( كوها)
مصدر التصنيف او مخطط الترفيف Dewey Decimal Classification
Koha [default] item type DVD
المقتنيات
حالة الفقد نموذج السعر الفعال حالة تلف ليس للاعارة رقم الطلب تاريخ الاكتساب الموقع الحالي الباركود الفرع الرئيسي Date last seen نوع المادة فى نظام كوها مصدر التصنيف او خطة الترفيف Total Checkouts
  2013-03-10     596.14 REP 2012-12-24 المكتبة المركزية بالمجمعة (CL) 00401192 المكتبة المركزية بالمجمعة (CL) 2013-03-10 كتاب Dewey Decimal Classification  
  2013-03-10     596.14 REP 2012-12-24 المكتبة المركزية بالمجمعة (CL) 00401190 المكتبة المركزية بالمجمعة (CL) 2013-03-10 كتاب Dewey Decimal Classification  
  2013-03-10     596.14 REP 2012-12-24 المكتبة المركزية بالمجمعة (CL) 00401191 المكتبة المركزية بالمجمعة (CL) 2013-03-10 كتاب Dewey Decimal Classification  
  2013-12-12     596.14 REP 2013-12-12 المكتبة المركزية بالمجمعة (CL) 00452670 المكتبة المركزية بالمجمعة (CL) 2013-12-12 كتاب Dewey Decimal Classification  
  2013-12-12     596.14 REP 2013-12-12 المكتبة المركزية بالمجمعة (CL) 00452671 المكتبة المركزية بالمجمعة (CL) 2013-12-12 كتاب Dewey Decimal Classification  
  2013-12-12     596.14 REP 2013-12-12 المكتبة المركزية بالمجمعة (CL) 00452672 المكتبة المركزية بالمجمعة (CL) 2013-12-12 كتاب Dewey Decimal Classification  
  2013-12-12     596.14 REP 2013-12-12 مكتبة مجمع الكليات بالزلفى - طلاب (SZM) 00452667 مكتبة مجمع الكليات بالزلفى - طلاب (SZM) 2013-12-12 كتاب Dewey Decimal Classification  
  2013-12-12     596.14 REP 2013-12-12 مكتبة مجمع الكليات بالزلفى - طلاب (SZM) 00452668 مكتبة مجمع الكليات بالزلفى - طلاب (SZM) 2013-12-12 كتاب Dewey Decimal Classification  
  2013-12-12     596.14 REP 2013-12-12 مكتبة مجمع الكليات بالزلفى - طلاب (SZM) 00452669 مكتبة مجمع الكليات بالزلفى - طلاب (SZM) 2013-12-12 كتاب Dewey Decimal Classification